Internal Combustion Engine (Record no. 5600)

MARC details
000 -LEADER
fixed length control field 00361nam a22001457a 4500
005 - DATE AND TIME OF LATEST TRANSACTION
control field 20170920122126.0
008 - FIXED-LENGTH DATA ELEMENTS--GENERAL INFORMATION
fixed length control field 170920b xxu||||| |||| 00| 0 eng d
020 ## - INTERNATIONAL STANDARD BOOK NUMBER
ISBN 978-93-83182-42-8
041 ## - LANGUAGE CODE
Language code of text/sound track or separate title eng
082 ## - DEWEY DECIMAL CLASSIFICATION NUMBER
Classification number 621.43
100 ## - MAIN ENTRY--AUTHOR NAME
Personal name Mathur,M.L & Sharma, R.P
245 ## - TITLE STATEMENT
Title Internal Combustion Engine
260 ## - PUBLICATION, DISTRIBUTION, ETC. (IMPRINT)
Name of publisher Dhanpat Rai Publication
942 ## - ADDED ENTRY ELEMENTS (KOHA)
Koha item type Books
Holdings
Lost status Damaged status Home library Current library Shelving location Date acquired Source of acquisition Full call number Accession Number Koha item type
    JRU Library JRU Library SHELF-44-M 20/09/2017 Purchase 621.43 22029 Books
    JRU Library   SHELF-44-M 20/09/2017 Purchase 621.43 22030 Books
    JRU Library   SHELF-44-M 20/09/2017 Purchase 621.43 22031 Books
    JRU Library   SHELF-44-M 20/09/2017 Purchase 621.43 22032 Books
    JRU Library   SHELF-44-M 20/09/2017 Purchase 621.43 22033 Books